[Event "FRA Cup qf"]
[Site "Noyon"]
[Date "2010.06.12"]
[Round "1"]
[White "Schweitzer, Adrien"]
[Black "Carton, Camille"]
[Result "0-1"]
[WhiteElo "2037"]
[BlackElo "2212"]
[PlyCount "68"]
[EventDate "2010.06.12"]
[EventType "team-match"]
[EventRounds "1"]
[EventCountry "FRA"]
[SourceTitle "CBM 136 Extra"]
[Source "ChessBase"]
[SourceDate "2010.07.02"]
[SourceVersion "2"]
[SourceVersionDate "2010.07.15"]
[SourceQuality "1"]

1. d4 d5 2. c4 e6 3. Nf3 c6 4. g3 Nf6 5. Bg2 Nbd7 6. 0-0 dxc4 7. Qc2 c5 8. dxc5 Bxc5 9. Qxc4 0-0 10. b4 Be7 11. Bb2 Nb6 12. Qb3 Qd5 13. Qxd5 Nfxd5 14. a3 Bd7 15. e4 Nf6 16. Nbd2 Rfd8 17. Bd4 Na4 18. Rac1 a5 19. e5 Nd5 20. Bc5 axb4 21. axb4 Kf8 22. Ne4 Bb5 23. Rfe1 Nb2 24. Ra1 Nd3 25. Red1 N3xb4 26. Bxe7+ Kxe7 27. Nd6 Nc3 28. Re1 Nc2 29. Rxa8 Rxa8 30. Nxb5 Nxe1 31. Nxc3 Nxf3+ 32. Bxf3 Ra3 33. Bxb7 Rxc3 34. Kg2 Rc5 0-1

[Event "FRA-chT1 0910"]
[Site "France"]
[Date "2009.10.17"]
[Round "2.5"]
[White "Carton, Camille"]
[Black "Bergez, Luc"]
[Result "1/2-1/2"]
[WhiteElo "2219"]
[BlackElo "2369"]
[PlyCount "106"]
[EventDate "2009.09.27"]
[EventType "team-tourn"]
[EventRounds "11"]
[EventCountry "FRA"]
[SourceTitle "EXT 2011"]
[Source "ChessBase"]
[SourceDate "2010.11.26"]
[SourceVersion "1"]
[SourceVersionDate "2010.11.26"]
[SourceQuality "1"]

1. e4 d5 2. exd5 Nf6 3. d4 Nxd5 4. c4 Nb6 5. Nc3 e5 6. dxe5 Qxd1+ 7. Nxd1 Nc6 8. Nf3 Bg4 9. Be2 0-0-0 10. 0-0 Nxe5 11. b3 Nxf3+ 12. Bxf3 Bxf3 13. gxf3 Nd7 14. Bb2 Bd6 15. Kg2 Be5 16. Bxe5 Nxe5 17. Ne3 Rd6 18. f4 Rg6+ 19. Kh1 Nf3 20. Rad1 Rd8 21. Nf5 Rd7 22. Ng3 Rgd6 23. Rxd6 Rxd6 24. Kg2 Rd3 25. Nf5 g6 26. Ne3 Nh4+ 27. Kh3 Nf5 28. Rd1 Rc3 29. Re1 Nxe3 30. Rxe3 Rc2 31. Re7 Rxa2 32. Rxf7 Rxf2 33. Kg3 Rb2 34. Rxh7 Rxb3+ 35. Kg4 a5 36. Kg5 Rf3 37. Rf7 Rh3 38. Kxg6 Rxh2 39. Rf8+ Kd7 40. Ra8 Rg2+ 41. Kf6 Rc2 42. Rxa5 Rxc4 43. f5 c5 44. Ke5 Kc6 45. f6 Rc1 46. f7 Re1+ 47. Kf6 Rf1+ 48. Ke6 b5 49. Ra8 Rxf7 50. Kxf7 Kd5 51. Rd8+ Ke5 52. Rb8 b4 53. Ke7 Kd5 1/2-1/2

[Event "Cappelle op 24th"]
[Site "Cappelle la Grande"]
[Date "2008.02.22"]
[Round "8"]
[White "Rasmussen, Allan Stig"]
[Black "Carton, Camille"]
[Result "1-0"]
[WhiteElo "2468"]
[BlackElo "2221"]
[PlyCount "43"]
[EventDate "2008.02.16"]
[EventType "swiss"]
[EventRounds "9"]
[EventCountry "FRA"]
[SourceTitle "CBM 122 Extra"]
[Source "ChessBase"]
[SourceDate "2008.03.04"]
[SourceVersion "1"]
[SourceVersionDate "2008.03.04"]
[SourceQuality "1"]

1. e4 e6 2. d4 d5 3. Nc3 Bb4 4. e5 c5 5. a3 Bxc3+ 6. bxc3 Ne7 7. Qg4 0-0 8. Bd3 f5 9. exf6 Rxf6 10. Bg5 Rf7 11. Qh5 g6 12. Qd1 Nbc6 13. Nf3 c4 14. Be2 Qf8 15. Qc1 Nf5 16. g4 Nd6 17. Bh6 Qd8 18. Qe3 Qa5 19. Ng5 Rf6 20. a4 e5 21. dxe5 d4 22. exf6 1-0

[Event "FRA-chT Top 16 GpA"]
[Site "Noyon"]
[Date "2005.04.02"]
[Round "6"]
[White "Milliet, Sophie"]
[Black "Carton, Camille"]
[Result "1-0"]
[WhiteElo "2309"]
[BlackElo "2223"]
[PlyCount "73"]
[EventDate "2005.03.31"]
[EventType "team-tourn"]
[EventRounds "7"]
[EventCountry "FRA"]
[SourceTitle "CBM 105 Extra"]
[Source "ChessBase"]
[SourceDate "2005.05.01"]
[SourceVersion "1"]
[SourceVersionDate "2005.05.01"]
[SourceQuality "1"]
[WhiteTeam "Bischwiller"]
[BlackTeam "Noyon"]
[WhiteTeamCountry "FRA"]
[BlackTeamCountry "FRA"]

1. e4 e6 2. d4 d5 3. e5 c5 4. c3 Nc6 5. Nf3 Bd7 6. Be2 f6 7. 0-0 fxe5 8. Nxe5 Nxe5 9. dxe5 Qc7 10. c4 Qxe5 11. Bh5+ g6 12. Bf3 0-0-0 13. Re1 Qd6 14. Nc3 Ne7 15. Bg5 d4 16. Ne4 Qc7 17. b4 Re8 18. Nxc5 Nc6 19. Nxd7 Qxd7 20. b5 Nd8 21. Qe2 Bc5 22. Bf4 Nf7 23. Bg4 Bd6 24. Bxd6 Qxd6 25. c5 Qc7 26. c6 Kb8 27. cxb7 Qxb7 28. Bf3 Qb6 29. a4 Nd6 30. Qe5 Rhf8 31. a5 Qd8 32. b6 axb6 33. axb6 Rxf3 34. gxf3 h6 35. f4 Kb7 36. Ra7+ Kb8 37. Qa5 1-0

[Event "FRA-chT2 0304"]
[Site "France"]
[Date "2004.01.17"]
[Round "5"]
[White "Blanche, Paul"]
[Black "Carton, Camille"]
[Result "0-1"]
[WhiteElo "2019"]
[BlackElo "2220"]
[PlyCount "32"]
[EventDate "2003.10.??"]
[EventType "team"]
[EventRounds "11"]
[EventCountry "FRA"]
[SourceTitle "EXT 2005"]
[Source "ChessBase"]
[SourceDate "2004.11.15"]
[SourceVersion "1"]
[SourceVersionDate "2004.11.15"]
[SourceQuality "1"]

1. d4 d5 2. c4 e6 3. Nc3 c6 4. Nf3 dxc4 5. e3 b5 6. Ne5 Bb7 7. a4 a6 8. Qf3 Qc7 9. Ne4 c5 10. Bd2 f5 11. Qh5+ g6 12. Nxg6 Qf7 13. Nxc5 Bxc5 14. dxc5 Qxg6 15. Qh4 Nf6 16. Bc3 Nbd7 0-1

[Event "FRA-chT2 0304"]
[Site "France"]
[Date "2003.12.07"]
[Round "4"]
[White "Miller, Vincent"]
[Black "Carton, Camille"]
[Result "0-1"]
[WhiteElo "2052"]
[BlackElo "2220"]
[PlyCount "46"]
[EventDate "2003.10.??"]
[EventType "team"]
[EventRounds "11"]
[EventCountry "FRA"]
[SourceTitle "EXT 2005"]
[Source "ChessBase"]
[SourceDate "2004.11.15"]
[SourceVersion "1"]
[SourceVersionDate "2004.11.15"]
[SourceQuality "1"]
[WhiteTeam "Henin Beaumont"]
[BlackTeam "Noyon"]
[WhiteTeamCountry "FRA"]
[BlackTeamCountry "FRA"]

1. d4 d5 2. Nf3 e6 3. e3 Bd6 4. Bd3 c6 5. Nbd2 f5 6. Ne5 Nf6 7. h3 Nbd7 8. Ndf3 Ne4 9. g4 Bxe5 10. Nxe5 Nxe5 11. dxe5 Qh4 12. Qf3 0-0 13. g5 Nxg5 14. Qg2 Ne4 15. Bd2 c5 16. Be2 Bd7 17. Rg1 Rf7 18. 0-0-0 Qxf2 19. Bh5 Re7 20. Qxf2 Nxf2 21. Rdf1 Ne4 22. Be1 Bb5 23. Rf4 g5 0-1

[Event "FRA-chT1"]
[Site "France"]
[Date "2002.03.??"]
[Round "5.8"]
[White "Carton, Camille"]
[Black "Constantin, David"]
[Result "1/2-1/2"]
[WhiteElo "2221"]
[BlackElo "2097"]
[PlyCount "108"]
[EventDate "2002.02.??"]
[EventType "team"]
[EventRounds "11"]
[EventCountry "FRA"]
[SourceTitle "EXT 2003"]
[Source "ChessBase"]
[SourceDate "2002.11.25"]
[SourceVersion "1"]
[SourceVersionDate "2002.11.25"]
[SourceQuality "1"]
[WhiteTeam "Noyon"]
[BlackTeam "Toulouse"]
[WhiteTeamCountry "FRA"]
[BlackTeamCountry "FRA"]

1. e4 c5 2. Nf3 d6 3. d4 cxd4 4. Nxd4 Nf6 5. Nc3 a6 6. Be2 e5 7. Nb3 Be7 8. 0-0 Be6 9. a4 0-0 10. Kh1 Qc7 11. f4 Nbd7 12. Be3 exf4 13. Rxf4 Ne5 14. Nd4 Ng6 15. Rf1 Rfe8 16. Nf5 Bf8 17. Bd4 Ne5 18. Qe1 g6 19. Ne3 Nfd7 20. Qg3 Bg7 21. Rad1 Rac8 22. Nf5 Bxf5 23. exf5 Qc6 24. fxg6 hxg6 25. Qf4 f5 26. Qd2 Nc5 27. b3 d5 28. Bxe5 Bxe5 29. Qxd5+ Qxd5 30. Nxd5 Ne4 31. Bc4 Kg7 32. Nf4 Nd6 33. Bd3 Rh8 34. g3 Rhe8 35. Kg2 Rcd8 36. c4 Bxf4 37. Rxf4 Ne4 38. Rf3 Ng5 39. Rf2 Re3 40. Bc2 Rxd1 41. Bxd1 Ne4 42. Re2 Rxe2+ 43. Bxe2 Nc5 44. Bd1 a5 45. Kf3 Kf6 46. Ke3 Ke5 47. Bc2 Ne6 48. h4 Nd4 49. Bd1 b6 50. Kd3 Ne6 51. Ke3 Nc5 52. Bc2 Ne6 53. Bd1 Nd4 54. Kd3 Ne6 1/2-1/2

[Event "FRA-chT1"]
[Site "France"]
[Date "2002.02.02"]
[Round "2.8"]
[White "Crouan, Stephane"]
[Black "Carton, Camille"]
[Result "0-1"]
[WhiteElo "2307"]
[BlackElo "2221"]
[PlyCount "55"]
[EventDate "2002.02.??"]
[EventType "team"]
[EventRounds "11"]
[EventCountry "FRA"]
[SourceTitle "EXT 2003"]
[Source "ChessBase"]
[SourceDate "2002.11.25"]
[SourceVersion "1"]
[SourceVersionDate "2002.11.25"]
[SourceQuality "1"]
[WhiteTeam "Sautron"]
[BlackTeam "Noyon"]
[WhiteTeamCountry "FRA"]
[BlackTeamCountry "FRA"]

1. e4 d5 2. exd5 Qxd5 3. Nc3 Qd6 4. d4 Nf6 5. Be2 a6 6. Nf3 b5 7. Qd3 Bb7 8. Ne5 Nbd7 9. Bf4 Qb6 10. a4 b4 11. a5 Qe6 12. Na4 Bxg2 13. Rg1 Be4 14. Qd2 Nxe5 15. Bxe5 Qc6 16. c4 e6 17. c5 Nd5 18. Bc4 f6 19. Bg3 Be7 20. Bxd5 exd5 21. Qxb4 0-0 22. Nc3 Bf3 23. Qa4 Qb7 24. b4 Rfe8 25. Kd2 Qc8 26. Qc6 Qg4 27. Rge1 Qxd4+ 28. Kc2 0-1

[Event "FRA-chT1"]
[Site "France"]
[Date "2002.??.??"]
[Round "7.6"]
[White "Carton, Camille"]
[Black "Flear, Glenn C"]
[Result "0-1"]
[WhiteElo "2221"]
[BlackElo "2511"]
[PlyCount "108"]
[EventDate "2002.02.??"]
[EventType "team"]
[EventRounds "11"]
[EventCountry "FRA"]
[SourceTitle "EXT 2003"]
[Source "ChessBase"]
[SourceDate "2002.11.25"]
[SourceVersion "1"]
[SourceVersionDate "2002.11.25"]
[SourceQuality "1"]
[WhiteTeam "Noyon"]
[BlackTeam "Montpellier"]
[WhiteTeamCountry "FRA"]
[BlackTeamCountry "FRA"]

1. e4 e5 2. Nf3 Nc6 3. Nc3 Nf6 4. Bb5 Bb4 5. 0-0 0-0 6. Bxc6 bxc6 7. Nxe5 Re8 8. d4 Bxc3 9. bxc3 Nxe4 10. Qf3 Nd6 11. Ba3 f6 12. Bxd6 cxd6 13. Ng4 Ba6 14. Rfe1 Rxe1+ 15. Rxe1 Bc4 16. Qg3 Qf8 17. Nh6+ Kh8 18. Nf5 Bxa2 19. Nxd6 a5 20. Ra1 Be6 21. c4 a4 22. c5 Qb8 23. Qa3 h6 24. h3 Qa7 25. Rb1 Qa6 26. c4 Bg8 27. f4 f5 28. Rb4 Be6 29. Kh2 Kh7 30. Kg1 Kh8 31. Kh2 Kh7 32. Kg1 Qa5 33. Kh2 Kh8 34. Nb7 Qa7 35. Nd6 Kg8 36. Rb7 Qa5 37. Rb4 Kh8 38. Nb7 Qa7 39. Nd6 Kh7 40. Rb7 Qa5 41. d5 cxd5 42. cxd5 Bxd5 43. Rxd7 Qd2 44. Qg3 Qxg2+ 45. Qxg2 Bxg2 46. Kxg2 a3 47. Nxf5 a2 48. Rd1 a1Q 49. Rxa1 Rxa1 50. c6 Rc1 51. Ne7 g6 52. Kf3 Kg7 53. f5 g5 54. Ke4 Re1+ 0-1

[Event "FRA-chT1"]
[Site "France"]
[Date "2002.??.??"]
[Round "9.5"]
[White "Carton, Camille"]
[Black "Nezar, Mustapha"]
[Result "1/2-1/2"]
[WhiteElo "2221"]
[BlackElo "2380"]
[PlyCount "33"]
[EventDate "2002.02.??"]
[EventType "team"]
[EventRounds "11"]
[EventCountry "FRA"]
[SourceTitle "EXT 2003"]
[Source "ChessBase"]
[SourceDate "2002.11.25"]
[SourceVersion "1"]
[SourceVersionDate "2002.11.25"]
[SourceQuality "1"]
[WhiteTeam "Noyon"]
[BlackTeam "Nancy"]
[WhiteTeamCountry "FRA"]
[BlackTeamCountry "FRA"]

1. e4 c5 2. Nf3 d6 3. d4 cxd4 4. Nxd4 Nf6 5. Nc3 Nc6 6. Be2 g6 7. 0-0 Bg7 8. Nb3 0-0 9. Bg5 Be6 10. Kh1 d5 11. Bxf6 Bxf6 12. exd5 Bxc3 13. dxc6 Bxb2 14. Rb1 Bc3 15. cxb7 Rb8 16. Bf3 Qc7 17. Qd3 1/2-1/2

[Event "FRA-chT1"]
[Site "France"]
[Date "2002.??.??"]
[Round "8.6"]
[White "Carton, Camille"]
[Black "Roos, Louis"]
[Result "1/2-1/2"]
[WhiteElo "2221"]
[BlackElo "2351"]
[PlyCount "91"]
[EventDate "2002.02.??"]
[EventType "team"]
[EventRounds "11"]
[EventCountry "FRA"]
[SourceTitle "EXT 2003"]
[Source "ChessBase"]
[SourceDate "2002.11.25"]
[SourceVersion "1"]
[SourceVersionDate "2002.11.25"]
[SourceQuality "1"]
[WhiteTeam "Noyon"]
[BlackTeam "Strasbourg"]
[WhiteTeamCountry "FRA"]
[BlackTeamCountry "FRA"]

1. e4 e6 2. d4 d5 3. Nc3 Bb4 4. exd5 exd5 5. Bd3 Nf6 6. Bg5 0-0 7. Nge2 c6 8. 0-0 Re8 9. Ng3 h6 10. Bf4 Nbd7 11. Nce2 Nf8 12. Nf5 Ng6 13. Be3 Ne4 14. Neg3 Nxg3 15. hxg3 Qf6 16. Qh5 Bxf5 17. Bxf5 Re7 18. Bd3 Bd6 19. Rae1 Rae8 20. c3 Nf8 21. Qg4 g6 22. Rd1 h5 23. Qg5 Qg7 24. Qh4 Ne6 25. Rfe1 f6 26. Bd2 Qf7 27. g4 hxg4 28. Qxg4 f5 29. Qh4 Qh7 30. Qxh7+ Rxh7 31. g3 Kf7 32. Kg2 Reh8 33. Rh1 Rxh1 34. Rxh1 Rxh1 35. Kxh1 Kf6 36. Kg2 g5 37. f3 f4 38. g4 c5 39. dxc5 Bxc5 40. Kf1 Ke5 41. Ke2 Bg1 42. Bf5 Nc5 43. b3 b6 44. Bc1 a5 45. Ba3 Be3 46. Bxc5 1/2-1/2

[Event "FRA-chT"]
[Site "France"]
[Date "2001.04.28"]
[Round "8.7"]
[White "Borne, Niels"]
[Black "Carton, Camille"]
[Result "1/2-1/2"]
[WhiteElo "2322"]
[BlackElo "2234"]
[PlyCount "173"]
[EventDate "2001.02.02"]
[EventType "team"]
[EventRounds "11"]
[EventCountry "FRA"]
[SourceTitle "EXT 2002"]
[Source "ChessBase"]
[SourceDate "2001.11.25"]
[SourceVersion "1"]
[SourceVersionDate "2001.11.25"]
[SourceQuality "1"]
[WhiteTeam "Drancy"]
[BlackTeam "Noyon"]
[WhiteTeamCountry "FRA"]
[BlackTeamCountry "FRA"]

1. d4 d5 2. c4 e6 3. cxd5 exd5 4. Nc3 c6 5. Nf3 Bf5 6. g3 Bd6 7. Bg2 Nf6 8. Nh4 Be6 9. Qc2 0-0 10. 0-0 Re8 11. Bg5 h6 12. Bxf6 Qxf6 13. e3 Nd7 14. a3 Nb6 15. b3 Rac8 16. Qd2 g5 17. Nf3 Bf5 18. Ne1 Qe7 19. Nd3 Bxa3 20. Nb1 Bd6 21. Rxa7 Ra8 22. Rxa8 Rxa8 23. Rd1 Nd7 24. Qb2 Nf6 25. Nc3 Ne4 26. Nxe4 dxe4 27. Ne1 Qe6 28. Nc2 Qd5 29. Bf1 b5 30. Ra1 Rxa1 31. Qxa1 Qxb3 32. Qa8+ Bf8 33. Qxc6 b4 34. g4 Bxg4 35. Qxe4 Bh5 36. Qd3 Qb1 37. d5 Bg6 38. e4 b3 39. Nd4 Qe1 40. Qxb3 Qxe4 41. Nb5 Qg4+ 42. Qg3 Qd1 43. d6 Bf5 44. Qa3 Be4 45. Qe3 Bc6 46. Qd3 Qg4+ 47. Qg3 Qe4 48. f3 Qd5 49. Na7 Bxd6 50. Nxc6 Qxc6 51. Qg2 Qc5+ 52. Kh1 Qd4 53. Qg4 Qe5 54. Qh3 Kg7 55. Qg2 Bc5 56. Qe2 Qd4 57. Qg2 Qe3 58. Bc4 Bd4 59. Bf1 f6 60. Bb5 Kg6 61. Bf1 h5 62. h3 Kf5 63. Be2 Bc5 64. Bf1 Bd4 65. Be2 Kg6 66. Bf1 f5 67. Be2 Qf4 68. Bb5 Be5 69. Be2 Bd6 70. Bf1 Be5 71. Be2 Bd4 72. Bf1 Qe3 73. Be2 Kf6 74. Bf1 h4 75. Bb5 Qe1+ 76. Bf1 Bf2 77. f4 gxf4 78. Qc6+ Kg5 79. Kg2 Bg3 80. Qf3 Qd2+ 81. Be2 Kf6 82. Qd3 Qb4 83. Qd8+ Ke5 84. Qe8+ Kd4 85. Qd7+ Kc3 86. Qd3+ Kb2 87. Qb5 1/2-1/2

[Event "FRA-chT"]
[Site "France"]
[Date "2001.02.04"]
[Round "3.8"]
[White "Carton, Camille"]
[Black "Renet, Olivier"]
[Result "0-1"]
[WhiteElo "2234"]
[BlackElo "2494"]
[PlyCount "69"]
[EventDate "2001.02.02"]
[EventType "team"]
[EventRounds "11"]
[EventCountry "FRA"]
[SourceTitle "EXT 2002"]
[Source "ChessBase"]
[SourceDate "2001.11.25"]
[SourceVersion "1"]
[SourceVersionDate "2001.11.25"]
[SourceQuality "1"]
[WhiteTeam "Noyon"]
[BlackTeam "Clichy"]
[WhiteTeamCountry "FRA"]
[BlackTeamCountry "FRA"]

1. e4 c6 2. d4 d5 3. e5 c5 4. dxc5 e6 5. Qg4 h5 6. Qg3 h4 7. Qg4 Nh6 8. Bxh6 Rxh6 9. Bd3 Nc6 10. Nf3 f5 11. exf6 Qxf6 12. Nc3 Bxc5 13. 0-0-0 Bd7 14. Bb5 0-0-0 15. Rhe1 Rg6 16. Qxh4 Rxg2 17. Bxc6 bxc6 18. Qh3 Rxf2 19. Rd3 Qf4+ 20. Kb1 e5 21. Qh5 e4 22. Nxe4 dxe4 23. Qxc5 Rxf3 24. Rdd1 Qc7 25. Rxe4 Rf5 26. Qg1 Be8 27. Rde1 Bh5 28. b3 Rfd5 29. Re7 Qxe7 30. Rxe7 Rd1+ 31. Qxd1 Rxd1+ 32. Kb2 Rd7 33. Re5 Bf7 34. h4 Kc7 35. c4 0-1

[Event "FRA-chT 9900"]
[Site "France"]
[Date "2000.02.04"]
[Round "1.9"]
[White "Carton, Camille"]
[Black "Pesez, Alexandre"]
[Result "1-0"]
[WhiteElo "2199"]
[BlackElo "2138"]
[PlyCount "75"]
[EventDate "1999.02.04"]
[EventType "team"]
[EventRounds "11"]
[EventCountry "FRA"]
[SourceTitle "EXT 2001"]
[Source "ChessBase"]
[SourceDate "2000.11.22"]
[SourceVersion "1"]
[SourceVersionDate "2000.11.22"]
[SourceQuality "1"]

1. e4 d6 2. d4 Nf6 3. Nc3 g6 4. f4 Bg7 5. Nf3 c5 6. Be3 b6 7. Qd2 Bb7 8. dxc5 Nxe4 9. Nxe4 Bxe4 10. cxb6 axb6 11. Bd4 e5 12. fxe5 dxe5 13. Bxe5 Qxd2+ 14. Kxd2 Bh6+ 15. Kd1 0-0 16. Bd3 Bd5 17. c4 Bc6 18. Kc2 Nd7 19. Bd4 Rfc8 20. Rhe1 Bd5 21. Kb3 Be6 22. a4 Nc5+ 23. Bxc5 bxc5 24. Kc2 Rcb8 25. b3 Bg7 26. Rab1 h6 27. Nd2 Kf8 28. Bxg6 Kg8 29. Bd3 Rd8 30. Ne4 Bd4 31. Nc3 Kh8 32. Nb5 Rd7 33. Nxd4 Rxd4 34. Rbd1 Rg8 35. g3 Rg5 36. Bf1 Bf5+ 37. Kc3 Rdg4 38. Bh3 1-0

[Event "FRA-ch qual"]
[Site "Bescanon"]
[Date "1999.08.20"]
[Round "3"]
[White "Giffard, Nicolas"]
[Black "Carton, Camille"]
[Result "1-0"]
[WhiteElo "2360"]
[BlackElo "2243"]
[PlyCount "47"]
[EventDate "1999.08.18"]
[EventType "swiss"]
[EventRounds "11"]
[EventCountry "FRA"]
[SourceTitle "EXT 2000"]
[Source "ChessBase"]
[SourceDate "1999.11.16"]
[SourceVersion "1"]
[SourceVersionDate "1999.11.16"]
[SourceQuality "1"]

1. Nf3 d5 2. d4 c6 3. c4 Nf6 4. Qb3 e6 5. Bg5 Nbd7 6. Nc3 Be7 7. e3 0-0 8. Rd1 h6 9. Bh4 Ne4 10. Bg3 Ndf6 11. Bd3 Qa5 12. 0-0 dxc4 13. Qxc4 Nxg3 14. hxg3 b5 15. Qb3 a6 16. Ne4 Nd7 17. Bb1 Qb6 18. Qc2 g6 19. Rc1 Bb7 20. Nh4 Qd8 21. Nxg6 fxg6 22. Nc5 Bf6 23. Nxb7 Qc7 24. Qxc6 1-0

[Event "FRA-chT"]
[Site "France"]
[Date "1999.??.??"]
[Round "3"]
[White "Carton, Camille"]
[Black "Giffard, Nicolas"]
[Result "0-1"]
[WhiteElo "2217"]
[BlackElo "2369"]
[PlyCount "78"]
[EventDate "1999.02.??"]
[EventType "team"]
[EventRounds "11"]
[EventCountry "FRA"]
[SourceTitle "EXT 2000"]
[Source "ChessBase"]
[SourceDate "1999.11.16"]
[SourceVersion "1"]
[SourceVersionDate "1999.11.16"]
[SourceQuality "1"]

1. e4 c6 2. d4 d5 3. e5 Bf5 4. Nc3 e6 5. g4 Bg6 6. Nge2 Ne7 7. Nf4 Nd7 8. h4 h6 9. Nxg6 Nxg6 10. h5 Ne7 11. Bd3 c5 12. Bb5 Nc6 13. Be3 cxd4 14. Bxd4 Qg5 15. 0-0 Qf4 16. Bxc6 bxc6 17. Re1 Bc5 18. Bxc5 Nxc5 19. Kg2 Rb8 20. b3 Rb4 21. f3 Rd4 22. Qc1 Rd2+ 23. Re2 Rxe2+ 24. Nxe2 Qxe5 25. Qd1 f5 26. gxf5 Qxf5 27. Ng3 Qf6 28. b4 Na4 29. Qf1 0-0 30. Re1 e5 31. Re3 Nb2 32. Qe2 Nc4 33. Rc3 Kh8 34. a4 e4 35. Nxe4 dxe4 36. Qxc4 Qg5+ 37. Kf2 Qd2+ 38. Kg3 e3 39. Qxc6 Qf2+ 0-1

[Event "FRA-chT"]
[Site "France"]
[Date "1999.??.??"]
[Round "5"]
[White "Carton, Camille"]
[Black "Herb, Pascal"]
[Result "1-0"]
[WhiteElo "2217"]
[BlackElo "2356"]
[PlyCount "79"]
[EventDate "1999.02.??"]
[EventType "team"]
[EventRounds "11"]
[EventCountry "FRA"]
[SourceTitle "EXT 2000"]
[Source "ChessBase"]
[SourceDate "1999.11.16"]
[SourceVersion "1"]
[SourceVersionDate "1999.11.16"]
[SourceQuality "1"]

1. e4 c5 2. Nf3 d6 3. d4 cxd4 4. Nxd4 Nf6 5. Nc3 e6 6. Bg5 Be7 7. Qd2 a6 8. f4 b5 9. a3 Bb7 10. Bd3 Nbd7 11. 0-0-0 h6 12. Bxf6 Bxf6 13. e5 dxe5 14. Nxe6 fxe6 15. Bg6+ Kf8 16. Qxd7 Qxd7 17. Rxd7 Bc6 18. Rc7 Be8 19. Bxe8 Rxe8 20. fxe5 Bxe5 21. Ra7 Kg8 22. Rxa6 Kh7 23. Nxb5 Rhf8 24. Re1 Bxh2 25. Raxe6 Rxe6 26. Rxe6 Rf2 27. a4 Rxg2 28. a5 Bf4+ 29. Kb1 Rg1+ 30. Ka2 Rg6 31. Rxg6 Kxg6 32. a6 Bb8 33. c4 Kf6 34. c5 Ke7 35. c6 Kd8 36. c7+ Kc8 37. cxb8Q+ Kxb8 38. Ka3 g5 39. Ka4 g4 40. Ka5 1-0

[Event "Agneaux St Lo Masters-A"]
[Site "Agneaux"]
[Date "1999.??.??"]
[Round "2"]
[White "Coursaget, Nicolas"]
[Black "Carton, Camille"]
[Result "0-1"]
[WhiteElo "2240"]
[BlackElo "2240"]
[PlyCount "88"]
[EventDate "1999.07.??"]
[EventType "tourn"]
[EventRounds "9"]
[EventCountry "FRA"]
[EventCategory "4"]
[SourceTitle "EXT 2000"]
[Source "ChessBase"]
[SourceDate "1999.11.16"]
[SourceVersion "1"]
[SourceVersionDate "1999.11.16"]
[SourceQuality "1"]

1. d4 d5 2. c4 e6 3. Nc3 c6 4. cxd5 exd5 5. Nf3 Nf6 6. Bg5 Be7 7. Qc2 0-0 8. e3 Nbd7 9. Bd3 Re8 10. 0-0 Nf8 11. a3 Ne4 12. Bxe7 Qxe7 13. Bxe4 dxe4 14. Nd2 f5 15. b4 Qg5 16. g3 Re6 17. b5 Qh5 18. Rfb1 Rh6 19. Nf1 Ne6 20. Qd1 Qe8 21. Ra2 Ng5 22. Nd2 Be6 23. Rab2 Bf7 24. bxc6 bxc6 25. Ne2 Nh3+ 26. Kg2 Bd5 27. Ng1 f4 28. Nxh3 f3+ 29. Kh1 Rxh3 30. Qc1 h5 31. Qc5 h4 32. g4 Qe6 33. Rb7 Kh7 34. Re7 Qxg4 35. Rg1 Rg3 36. fxg3 f2 37. Rf1 hxg3 38. Kg2 gxh2+ 39. Kxh2 Rh8 40. Re8 Rxe8 41. Rxf2 Re6 42. Rg2 Qh4+ 43. Kg1 Qe1+ 44. Nf1 Rf6 0-1

[Event "FRA-chT"]
[Site "France"]
[Date "1999.??.??"]
[Round "7"]
[White "Cramling, Pia"]
[Black "Carton, Camille"]
[Result "1-0"]
[WhiteElo "2515"]
[BlackElo "2217"]
[PlyCount "153"]
[EventDate "1999.02.??"]
[EventType "team"]
[EventRounds "11"]
[EventCountry "FRA"]
[SourceTitle "EXT 2000"]
[Source "ChessBase"]
[SourceDate "1999.11.16"]
[SourceVersion "1"]
[SourceVersionDate "1999.11.16"]
[SourceQuality "1"]

1. d4 d5 2. Nf3 e6 3. c4 c6 4. e3 Bd6 5. Bd3 f5 6. 0-0 Nf6 7. b3 Qe7 8. Bb2 Ne4 9. Ne5 Bxe5 10. dxe5 Nc5 11. Be2 0-0 12. Nd2 b6 13. Ba3 Bb7 14. Qc2 Nbd7 15. f4 g5 16. Nf3 gxf4 17. exf4 Kh8 18. Nd4 Rg8 19. Rf3 Rg4 20. cxd5 cxd5 21. Bf1 a6 22. Rc1 Rc8 23. Qe2 Nb8 24. Qe3 Qd7 25. Rf2 Rgg8 26. Rfc2 Ne4 27. Nf3 b5 28. Nd4 Rxc2 29. Rxc2 Rc8 30. Rxc8+ Qxc8 31. Qc1 Nc6 32. Bb2 Nxd4 33. Qxc8+ Bxc8 34. Bxd4 Kg7 35. Bd3 Bd7 36. Kf1 Kf7 37. Ke1 Ke7 38. Ke2 Kd8 39. Ke3 Be8 40. Be2 h5 41. Bb6+ Kd7 42. Ba5 Kc6 43. Kd4 Nf2 44. Be1 Ne4 45. Bb4 Nf2 46. Be7 Ne4 47. Bh4 Kb6 48. Bd8+ Kc6 49. Bf1 Kd7 50. Bh4 Kc6 51. Be2 Kb6 52. Be7 Kc6 53. a4 Kb6 54. axb5 axb5 55. Bb4 Bf7 56. Bd1 Nf2 57. Bc2 Ng4 58. h3 Nf2 59. Be1 Ne4 60. Bd1 Be8 61. g4 hxg4 62. hxg4 fxg4 63. Bxg4 Bd7 64. b4 Kc6 65. Bh5 Kb6 66. Bf7 Kc7 67. Kd3 Kc6 68. Bh4 Bc8 69. f5 exf5 70. Kd4 Nd2 71. Bxd5+ Kc7 72. Bg5 Nc4 73. Bf7 Kc6 74. Bf4 Kd7 75. Bg5 Kc6 76. e6 Nd6 77. Bf4 1-0